[Event "It (open) (juniors)"]
[Site "masterchessopen.com - Malme (Sweden)"]
[Round "2"]
[White "Stahlberg Adam (SWE)"]
[Black "Rylander Dennis (SWE)"]
[Result "0-1"]
[WhiteElo "2034"]
[BlackElo "2150"]

1.d4 f5 2.c4 Nf6 3.Nc3 g6 4.g3 Bg7 5.Nf3 O-O 6.Bg2 d6 7.O-O c6 8.Qc2 Qc7 9.Ne1
e5 10.dxe5 dxe5 11.f3 Be6 12.b3 Nbd7 13.Bh3 Bf7 14.Ba3 Rfd8 15.Rd1 Nf8 16.Bg2
Ne6 17.Bc1 Nd4 18.Qb1 Nxe2+ 19.Kf2 Nxc3 {#R} 0-1

[Event "It (open)"]
[Site "masterchessopen.com - Seefeld (Austria)"]
[Round "2"]
[White "Roemer Ulrich (GER)"]
[Black "Ritz Thomas (GER)"]
[Result "1-0"]
[WhiteElo "2291"]
[BlackElo "2148"]

1.d4 f5 2.Nf3 Nf6 3.g3 g6 4.Bg2 Bg7 5.O-O O-O 6.c4 d6 7.Nc3 c6 8.d5 cxd5
9.cxd5 Na6 10.Be3 Bd7 11.Bd4 Nc7 12.a4 h6 13.Qb3 b6 14.Rfd1 Qe8 15.a5 b5
16.Na2 Qf7 17.Nb4 g5 18.Rac1 Rfc8 19.Bxf6 Qxf6 20.Nd4 Kh8 21.Nbc6 f4 22.gxf4
Qxf4 23.Nxe7 {#r} 1-0

[Event "It (open)"]
[Site "masterchessopen.com - Zurich (Switzerland)"]
[Round "3"]
[White "Cvitan Ognjen (CRO)"]
[Black "Schmid Wolfgang (GER)"]
[Result "1-0"]
[WhiteElo "2511"]
[BlackElo "2216"]

1.d4 g6 2.c4 f5 3.Nc3 Nf6 4.g3 Bg7 5.Bg2 O-O 6.Nf3 d6 7.O-O c6 8.Re1 h6 9.e4
e6 10.e5 dxe5 11.Nxe5 Kh7 12.b3 Re8 13.Bb2 Nbd7 14.Qe2 Nxe5 15.dxe5 Ng4 16.Na4
h5 17.Rad1 Qc7 18.Nc5 Rb8 19.Nd3 b6 20.h3 Nh6 21.c5 Ba6 22.Qc2 Bxd3 23.Rxd3
Nf7 24.cxb6 Qxb6 25.Rd7 Kg8 26.Qxc6 Qa5 27.Bc3 Qxa2 28.Ra1 Qxb3 29.Raxa7 Rbc8
30.Rdc7 Qb8 31.Rab7 Qa8 32.Rxf7 {#r} 1-0

[Event "It (open) \"]
[Site "masterchessopen.com - St. Veit (Austria)"]
[Round "7"]
[White "Juergens Klaus (GER)"]
[Black "Tscheinig Gert (AUT)"]
[Result "1-0"]
[WhiteElo "2218"]
[BlackElo "2050"]

1.Nf3 f5 2.c4 Nf6 3.g3 g6 4.Bg2 Bg7 5.O-O O-O 6.d4 d6 7.Nc3 c6 8.b3 Qe8 9.Ba3
h6 10.Qc2 Na6 11.Rae1 g5 12.e4 b5 13.cxb5 cxb5 14.e5 dxe5 15.Nxe5 b4 16.Bxa8
bxa3 17.Bc6 Qh5 18.Qe2 g4 19.Qc4+ Kh7 20.Ne2 Qg5 21.Nf4 Nc7 22.Nf7 Rxf7
23.Qxf7 Ba6 24.Rxe7 Bxf1 25.Kxf1 Na6 26.Bb7 {#r} 1-0

[Event "It (open)"]
[Site "masterchessopen.com - Bad Woerishofen (Germany)"]
[Round "5"]
[White "Markus John Raymond (NED)"]
[Black "Schaefer Michael (GER)"]
[Result "1-0"]
[WhiteElo "2238"]
[BlackElo "2221"]

1.d4 d6 2.Nf3 f5 3.g3 Nf6 4.Bg2 c6 5.O-O g6 6.c4 Bg7 7.Nc3 O-O 8.d5 Bd7 9.Rb1
Qc8 10.Qd3 Ng4 11.Bg5 Re8 12.Rfe1 c5 13.Bd2 Na6 14.a3 Ne5 15.Nxe5 dxe5 16.e4
Bf6 17.Be3 Rd8 18.Qc2 Rf8 19.Ne2 Rb8 20.b4 b6 21.Qd3 Rf7 22.Nc3 Bg7 23.Nb5 f4
24.Bd2 Rb7 25.d6 Bc6 26.Nc3 exd6 27.b5 Bd7 28.bxa6 Rb8 29.Nb5 {#r} 1-0

[Event "It (open)"]
[Site "masterchessopen.com - Bad Zwesten (Germany)"]
[Round "6"]
[White "Richter Christian (GER)"]
[Black "Springer Ondrej (GER)"]
[Result "1-0"]
[WhiteElo "2234"]
[BlackElo "2062"]

1.d4 f5 2.g3 g6 3.Bg2 Nf6 4.Nf3 Bg7 5.c4 d6 6.Nc3 O-O 7.O-O c6 8.d5 e5 9.Rb1
a5 10.a3 Ng4 11.h3 Nh6 12.Nh2 Nf7 13.e4 g5 14.exf5 Bxf5 15.Be4 Bxh3 16.Qh5
{#r} 1-0

[Event "It (cat.7)"]
[Site "masterchessopen.com - Budapest (Hungary)"]
[Round "9"]
[White "Vadasz Laszlo (HUN)"]
[Black "Szabolcsi Janos (HUN)"]
[Result "1-0"]
[WhiteElo "2301"]
[BlackElo "2411"]

1.Nf3 f5 2.d4 Nf6 3.g3 g6 4.Bg2 Bg7 5.O-O O-O 6.c4 d6 7.Nc3 c6 8.d5 e5 9.dxe6
Bxe6 10.Qd3 Na6 11.Bf4 Qb6 12.b3 Nc5 13.Qc2 Nfe4 14.Nxe4 fxe4 15.Ng5 Bxa1
16.Rxa1 Bf5 17.Qc3 Rad8 18.Bc1 Nd7 19.Bb2 Nf6 20.Bxe4 Bc8 21.Bxg6 hxg6 22.Ne4
Rf7 23.Nxf6+ Kf8 24.Ne4 Ke7 25.c5 dxc5 26.Qe5+ Be6 27.Ng5 Rd6 28.Nxf7 {#r} 1-0

[Event "It (cat.8)"]
[Site "masterchessopen.com - Budapest (Hungary)"]
[Round "2"]
[White "Szeberenyi Adam (HUN)"]
[Black "Antal Gergely (HUN)"]
[Result "1-0"]
[WhiteElo "2357"]
[BlackElo "2405"]

1.d4 f5 2.g3 Nf6 3.Bg2 g6 4.Nf3 Bg7 5.O-O O-O 6.c4 d6 7.Nc3 c6 8.d5 Qe8 9.e4
fxe4 10.Ng5 Na6 11.Ngxe4 Nc7 12.Nxf6+ Rxf6 13.Bg5 Rf5 14.Qd2 b5 15.Rae1 Bxc3
16.bxc3 Rf7 17.cxb5 cxb5 18.Re3 h6 19.Bxh6 Bb7 20.Rfe1 Qd7 21.Re6 Kh7 22.Qg5
{#r} 1-0

[Event "Ch India (team)"]
[Site "masterchessopen.com - Chennai (India)"]
[Round "4"]
[White "Deshmukh Anup (IND)"]
[Black "Babu N Sudhakar (IND)"]
[Result "0-1"]
[WhiteElo "2311"]
[BlackElo "2365"]

1.d4 f5 2.c4 Nf6 3.Nc3 d6 4.Nf3 g6 5.g3 Bg7 6.Bg2 O-O 7.O-O c6 8.d5 e5 9.dxe6
Bxe6 10.b3 Na6 11.Ng5 Bc8 12.Bd2 h6 13.Nf3 Ne4 14.Nxe4 fxe4 15.Ne1 Bxa1
16.Qxa1 Qf6 17.Bc3 Qe7 18.Qc1 Kh7 19.Qe3 Nc5 20.b4 Na4 21.Bd2 Qg5 22.Qxg5 hxg5
23.Bxe4 g4 24.Ng2 Nb2 25.Ne3 Be6 26.Rc1 Rac8 27.Bb1 b5 28.c5 Rcd8 29.Bc3 Nc4
30.Bd4 Rf7 {#R} 0-1

[Event "Memorial J C Thompson"]
[Site "masterchessopen.com - Dallas (USA)"]
[Round "3"]
[White "Young Steven D (USA)"]
[Black "Moss Laurent (CAN)"]
[Result "0-1"]
[WhiteElo "1894"]
[BlackElo "2210"]

1.Nf3 g6 2.c4 Bg7 3.Nc3 f5 4.d4 Nf6 5.g3 O-O 6.Bg2 d6 7.O-O c6 8.Ng5 h6 9.Nh3
e5 10.d5 c5 11.e4 fxe4 12.Re1 Bg4 {#R} 0-1

[Event "Ch France (team) 2000"]
[Site "masterchessopen.com - France"]
[Round "5"]
[White "Dorfman Iossif D (FRA)"]
[Black "Vaisser Anatoly (FRA)"]
[Result "1-0"]
[WhiteElo "2600"]
[BlackElo "2537"]

1.Nf3 f5 2.g3 Nf6 3.Bg2 g6 4.O-O Bg7 5.c4 d6 6.d4 O-O 7.Nc3 c6 8.b3 Qa5 9.Bd2
Qc7 10.d5 Na6 11.Rc1 Kh8 12.Ne1 e5 13.dxe6 Bxe6 14.Nd5 Qf7 15.Nxf6 Bxf6 16.Nd3
Nc5 17.Bc3 Nxd3 18.Qxd3 Rfd8 19.e3 a5 20.Rfd1 d5 21.cxd5 Bxd5 22.Bxd5 Rxd5
23.Qc4 Rad8 24.Rxd5 Rxd5 25.Bxa5 Kg8 26.Bc3 Bxc3 27.Rxc3 Rd1+ 28.Kg2 Rd2 29.a4
Rb2 30.Qd3 h5 31.Qd8+ Qf8 32.Rd3 {#r} 1-0

[Event "Ch Austria"]
[Site "masterchessopen.com - Frohnleiten (Austria)"]
[Round "4"]
[White "Freitag Manfred (AUT)"]
[Black "Rolletschek Heinrich (AUT)"]
[Result "1-0"]
[WhiteElo "2363"]
[BlackElo "2314"]

1.d4 g6 2.Nf3 Bg7 3.g3 d6 4.Bg2 f5 5.O-O Nf6 6.c4 O-O 7.Nc3 c6 8.d5 e5 9.e4
Qe7 10.exf5 gxf5 11.Nh4 Bd7 12.Bg5 c5 13.Qc2 f4 14.Nf5 Bxf5 15.Qxf5 h6 16.Bh4
Qd7 17.Bh3 Qxf5 18.Bxf5 Kh8 19.Nb5 Ne8 20.Bc8 a6 21.Bxb7 axb5 22.Bxa8 bxc4
23.Rac1 Nd7 24.Bc6 Nb6 25.Bd8 {#r} 1-0

[Event "It (open) (juniors) (under 18) \"]
[Site "masterchessopen.com - Germany"]
[Round "8"]
[White "Schatz Christian (GER)"]
[Black "Heyne Martin (GER)"]
[Result "1-0"]
[WhiteElo "2171"]
[BlackElo "2159"]

1.c4 f5 2.Nf3 Nf6 3.g3 g6 4.Bg2 Bg7 5.O-O O-O 6.d4 d6 7.Nc3 c6 8.b3 Qc7 9.Ba3
Qa5 10.Bb2 Na6 11.a3 c5 12.Qc2 Qd8 13.Rad1 Bd7 14.e4 fxe4 15.Nxe4 Rb8 16.Rfe1
Bc6 17.Neg5 Bd7 18.Ne6 Bxe6 19.Rxe6 Nc7 20.Re2 b6 21.dxc5 bxc5 22.Ne5 Rb6
23.Nc6 Qd7 24.Rxe7 Qc8 25.Rxd6 Nce8 26.Rxa7 Kh8 27.Rd8 Qe6 28.Re7 Qg4 29.Ne5
Qf5 30.Qxf5 gxf5 31.Rb7 {#r} 1-0

[Event "Verbandsliga North 1999/00"]
[Site "masterchessopen.com - Germany"]
[Round "0"]
[White "Funk Paul (GER)"]
[Black "Weisenburger Horst (GER)"]
[Result "0-1"]
[WhiteElo "2158"]
[BlackElo "2181"]

1.d4 f5 2.c4 g6 3.Nc3 Nf6 4.g3 Bg7 5.Bg2 d6 6.Nf3 c6 7.O-O O-O 8.Qc2 Qc7 9.Bg5
e5 10.Rfd1 Nbd7 11.b4 h6 12.Bxf6 Nxf6 13.Rac1 e4 14.Ne1 g5 15.f3 e3 16.Qb3 f4
17.b5 fxg3 18.h3 Qf7 19.bxc6 bxc6 20.d5 Qh5 21.Nb1 Bxh3 22.Bh1 Bf1 23.Qxe3 Ng4
{#R} 0-1

[Event "It (cat.7)"]
[Site "masterchessopen.com - Helsinki (Finland)"]
[Round "7"]
[White "Norri Joose (FIN)"]
[Black "Gavrikov Viktor (LTU)"]
[Result "0-1"]
[WhiteElo "2408"]
[BlackElo "2549"]

1.d4 d6 2.Nf3 g6 3.c4 f5 4.g3 Bg7 5.Bg2 Nf6 6.O-O O-O 7.Nc3 c6 8.d5 e5 9.dxe6
Bxe6 10.b3 Na6 11.Bb2 Qe7 12.Nd4 Bf7 13.e3 Nc5 14.Qc2 Rac8 15.Rad1 a6 16.Rfe1
Rfe8 17.h3 Nfe4 18.Nde2 Nf6 19.Nd4 Qc7 20.Bf3 Qa5 21.Kh2 h5 22.h4 Nce4 23.Kg2
d5 24.Nxe4 dxe4 {#R} 0-1

[Event "It (open)"]
[Site "masterchessopen.com - Mondariz (Spain)"]
[Round "4"]
[White "Cebrian Ramos Jose Luis (ESP)"]
[Black "Perez Candelario Manuel (ESP)"]
[Result "0-1"]
[WhiteElo "2140"]
[BlackElo "2300"]

1.Nf3 f5 2.d4 Nf6 3.g3 g6 4.Bg2 Bg7 5.O-O O-O 6.c4 d6 7.Nc3 c6 8.d5 e5 9.dxe6
Bxe6 10.Qd3 Na6 11.Nd4 Bf7 12.b3 d5 13.cxd5 Nxd5 14.Nxd5 Bxd5 15.Bxd5+ Qxd5
16.Rd1 c5 17.Qb5 Nc7 {#R} 0-1

[Event "It (open)"]
[Site "masterchessopen.com - Mondariz (Spain)"]
[Round "8"]
[White "Hernandez Roman (CUB)"]
[Black "Rivas Vila David (ESP)"]
[Result "1-0"]
[WhiteElo "2400"]
[BlackElo "2110"]

1.d4 f5 2.Nf3 Nf6 3.g3 g6 4.Bg2 Bg7 5.O-O O-O 6.c4 d6 7.Nc3 c6 8.b3 Qa5 9.Bb2
e5 10.Qd2 Na6 11.e3 Qc7 12.Rac1 e4 13.Ne1 Be6 14.f3 exf3 15.Nxf3 Rad8 16.e4
Rfe8 17.d5 fxe4 18.dxe6 exf3 19.Rxf3 Ng4 20.Rf7 Qb6+ 21.Kh1 Bh6 22.Qe2 Ne5
23.Rcf1 Nc5 24.e7 Nxf7 25.Nd5 cxd5 26.Bxd5 Rf8 27.Rxf7 {#r} 1-0

[Event "Ch Netherlands (team) 2000"]
[Site "masterchessopen.com - Netherlands"]
[Round "8"]
[White "Schwartz Arie (NED)"]
[Black "Klip Hans (NED)"]
[Result "1-0"]
[WhiteElo "2234"]
[BlackElo "2322"]

1.d4 f5 2.g3 Nf6 3.Bg2 g6 4.Nf3 Bg7 5.O-O O-O 6.c4 d6 7.Nc3 c6 8.Qc2 Qc7 9.Rd1
Na6 10.d5 cxd5 11.cxd5 b5 12.Nd4 b4 13.Ncb5 Qxc2 14.Nxc2 Ne4 15.Nbd4 Bb7
16.Ne3 Rfc8 17.g4 e5 18.dxe6 f4 19.Nf1 Nac5 20.e3 b3 21.Nxb3 fxe3 22.Nxe3 Nxe6
23.Na5 {#r} 1-0

[Event "Cup Nord-West"]
[Site "masterchessopen.com - Oldenburg (Germany)"]
[Round "0"]
[White "Michalowski Richard (GER)"]
[Black "Lamprecht Mark (GER)"]
[Result "0-1"]
[WhiteElo "1804"]
[BlackElo "2256"]

1.c4 f5 2.Nc3 Nf6 3.g3 g6 4.Bg2 Bg7 5.Nf3 O-O 6.O-O c6 7.d4 d6 8.Bg5 Qc7 9.Rc1
e5 10.d5 c5 11.Nd2 Qe7 12.e4 h6 13.Be3 Ng4 14.exf5 gxf5 15.h3 Nxe3 16.fxe3 Na6
17.e4 Qg5 18.exf5 Qxg3 19.Nde4 Qe3+ 20.Kh2 Bxf5 21.Nxd6 Bd3 22.Qg4 Bxf1
23.Rxf1 Rxf1 24.Bxf1 Qf4+ 25.Kg2 Rf8 26.Be2 Qf2+ 27.Kh1 {#R} 0-1

[Event "It (sheveningen)"]
[Site "masterchessopen.com - Parthenay (France)"]
[Round "9"]
[White "Laurent Julien G (FRA)"]
[Black "Ruckschloss Karol (SVK)"]
[Result "0-1"]
[WhiteElo "2114"]
[BlackElo "2300"]

1.Nf3 f5 2.c4 Nf6 3.d4 g6 4.Nc3 Bg7 5.g3 O-O 6.Bg2 d6 7.O-O c6 8.Re1 Nh5 9.e3
e5 10.b3 e4 11.Nd2 d5 12.Ba3 Rf7 13.Rc1 Be6 14.cxd5 cxd5 15.Na4 Nd7 16.Nb1
Nhf6 17.Nbc3 Nf8 18.Qd2 g5 19.Bh3 f4 20.Bf1 Ng6 21.exf4 gxf4 22.Nc5 Bg4 23.Qc2
Kh8 24.Bb2 b6 25.N5a4 Qd7 26.Nb5 e3 27.fxe3 fxg3 28.Nbc3 Nh4 29.hxg3 Nf3+
30.Kh1 Nh5 31.Qf2 Nxe1 32.Qxe1 Rxf1+ {#R} 0-1

[Event "Ch SVR "]
[Site "masterchessopen.com - Reil (Germany)"]
[Round "7"]
[White "Buerger Helmut (GER)"]
[Black "Zirwes Hans Juergen (GER)"]
[Result "1-0"]
[WhiteElo "1900"]
[BlackElo "1911"]

1.d4 f5 2.c4 Nf6 3.Nc3 d6 4.g3 c6 5.Bg2 g6 6.Nf3 Bg7 7.O-O O-O 8.Qc2 Re8 9.Rd1
Na6 10.a3 Nc7 11.e3 a6 12.b4 b5 13.cxb5 cxb5 14.d5 Bb7 15.Nd4 Rc8 16.Qb3 Kh8
17.Bb2 Rf8 18.Rd2 Rf7 19.Rc1 Rb8 20.Rdc2 Nfe8 21.h4 Bxd4 22.exd4 f4 23.Ne2
fxg3 24.fxg3 Bc8 25.Nf4 Bf5 26.Rc6 Rf6 27.Ne6 Nxe6 28.dxe6 Ng7 29.d5 Rf8
30.Rxa6 Rb6 31.Rc6 Rb7 32.Qc3 {#r} 1-0

[Event "It (open)"]
[Site "masterchessopen.com - San Feliu de Guixols (Spain)"]
[Round "7"]
[White "Garcia Bosch Orlando (ESP)"]
[Black "Gual Pascual Antonio (ESP)"]
[Result "0-1"]
[WhiteElo "2131"]
[BlackElo "2453"]

1.d4 f5 2.c4 Nf6 3.g3 g6 4.Bg2 Bg7 5.Nf3 O-O 6.O-O d6 7.Nc3 c6 8.d5 Bd7 9.Rb1
Na6 10.b4 Rc8 11.Qb3 cxd5 12.cxd5 Qc7 13.Bb2 Qc4 14.Qxc4 Rxc4 15.a3 Rfc8
16.Rfc1 Ne4 17.Nxe4 fxe4 18.Rxc4 Rxc4 19.Nd2 Rc2 20.Bc1 Bf5 21.e3 Nc7 22.Nxe4
Nxd5 23.Kf1 Nc3 24.Nxc3 Bd3+ 25.Kg1 Rxc3 26.Ra1 Rc2 27.Bd5+ Kf8 {#R} 0-1

[Event "It (open)"]
[Site "masterchessopen.com - Toronto (Canada)"]
[Round "3"]
[White "Ochkoos Jura (CAN)"]
[Black "Spraggett Kevin (CAN)"]
[Result "0-1"]
[WhiteElo "2283"]
[BlackElo "2501"]

1.d4 f5 2.c4 Nf6 3.Nc3 g6 4.g3 Bg7 5.Bg2 O-O 6.Nf3 d6 7.O-O c6 8.Bf4 Nh5 9.Bd2
e5 10.dxe5 dxe5 11.e4 f4 12.Ne2 Qe7 13.b4 Be6 14.Qc2 Nd7 15.c5 g5 16.h3 g4
17.hxg4 Bxg4 18.gxf4 Nxf4 19.Nxf4 exf4 20.e5 Bxf3 21.Bxf3 Nxe5 22.Qb3+ Kh8
23.Rfe1 Rad8 24.Rxe5 Qxe5 25.Rd1 Rxd2 {#R} 0-1

[Event "Ch Romania (1/2 final)"]
[Site "masterchessopen.com - Tusnad (Romania)"]
[Round "1"]
[White "Stircz Zoltan (ROM)"]
[Black "Grunberg Mihai-Lucian (ROM)"]
[Result "0-1"]
[WhiteElo "2154"]
[BlackElo "2400"]

1.c4 f5 2.Nf3 Nf6 3.g3 g6 4.Bg2 Bg7 5.d4 O-O 6.Nc3 d6 7.O-O c6 8.d5 Bd7 9.Nd4
Qb6 10.e3 a5 11.Qb3 Qa6 12.a4 Kh8 13.Rd1 Qa7 14.Qc2 Na6 15.Qd2 Rac8 16.Nce2
cxd5 17.cxd5 Nc5 18.Nc3 Qb6 19.Ra3 Nfe4 20.Qc2 Qd8 21.Qb1 Nxc3 22.bxc3 Nxa4
23.Qxb7 Nxc3 24.Rxc3 Rxc3 25.Bb2 Qc7 26.Qa6 Rc5 27.Qe2 Rb8 28.h4 a4 29.Ba3 Rc3
30.Ra1 Rxa3 {#R} 0-1

[Event "It (open)"]
[Site "masterchessopen.com - Wattens (Austria)"]
[Round "6"]
[White "Pirchner Hans (AUT)"]
[Black "Kapferer Romed (AUT)"]
[Result "0-1"]
[WhiteElo "1991"]
[BlackElo "2050"]

1.d4 f5 2.c4 Nf6 3.Nc3 g6 4.Nf3 Bg7 5.g3 d6 6.Bg2 O-O 7.O-O c6 8.Bf4 h6 9.Qc1
Kh7 10.Ne1 Nh5 11.Be3 e5 12.dxe5 dxe5 13.Nd3 Qc7 14.f4 e4 15.Ne5 Re8 16.Qd2
Bxe5 17.fxe5 Qxe5 18.Bxh6 e3 {#R} 0-1

[Event "It (open)"]
[Site "masterchessopen.com - Wiesbaden (Germany)"]
[Round "4"]
[White "Pfaff Matthias (GER)"]
[Black "Weiland Thomas (GER)"]
[Result "1-0"]
[WhiteElo "2177"]
[BlackElo "2015"]

1.d4 f5 2.Nf3 Nf6 3.g3 g6 4.Bg2 Bg7 5.O-O d6 6.c4 O-O 7.Nc3 c6 8.Qc2 Na6 9.a3
Qe8 10.d5 e5 11.dxe6 Bxe6 12.Bf4 Rd8 13.Rad1 Bxc4 14.Rxd6 Rf7 15.Rxd8 Qxd8
16.Ne5 Bd5 17.Nxd5 Nxd5 18.Nxf7 Kxf7 19.Rd1 Qa5 20.Qb3 Nc7 21.Bxd5+ Nxd5
22.Qxb7+ Ne7 23.Bg5 Bf6 24.Bxf6 Kxf6 25.Qd7 Kf7 26.Rd3 f4 27.gxf4 Qe1+ 28.Kg2
Qxe2 29.Re3 {#r} 1-0

[Event "Ch NRW (juniors) (under 16)"]
[Site "masterchessopen.com - Bergneustadt (Germany)"]
[Round "2"]
[White "Blayvas Jan (GER)"]
[Black "Mantler Hendrik (GER)"]
[Result "1-0"]
[WhiteElo "2132"]
[BlackElo "2215"]

1.Nf3 f5 2.d4 Nf6 3.c4 d6 4.Nc3 g6 5.g3 Bg7 6.Bg2 O-O 7.O-O c6 8.b3 Qa5 9.Bb2
e5 10.Qd2 Na6 11.Rfe1 Qc7 12.e4 Rd8 13.exf5 Bxf5 14.Rad1 Nb4 15.Nb5 cxb5
16.Qxb4 a5 17.Qc3 bxc4 18.dxe5 Ne4 19.Qxc4+ Qxc4 20.bxc4 Nc5 21.Ng5 h6 22.Bd5+
Kf8 23.Nf7 Rd7 24.Nxd6 Nd3 25.Ba3 Nxe1 26.Nxf5+ Ke8 27.Nxg7+ {#r} 1-0

[Event "It (open) \"]
[Site "masterchessopen.com - Bratislava (Slovakia)"]
[Round "1"]
[White "Torvenyi Roman (SVK)"]
[Black "Ruckschloss Karol (SVK)"]
[Result "0-1"]
[WhiteElo "2053"]
[BlackElo "2264"]

1.d4 f5 2.c4 Nf6 3.Nc3 g6 4.Nf3 Bg7 5.g3 O-O 6.Bg2 d6 7.O-O c6 8.Qc2 Qc7 9.b4
e5 10.dxe5 dxe5 11.Bb2 Nbd7 12.Rfd1 e4 13.Nd4 Ne5 14.Qb3 Qf7 15.c5 Nc4 16.Bc1
Ng4 17.Na4 Rd8 18.e3 Be6 19.Qc2 Nce5 20.Nc3 Bc4 21.Bb2 Nd3 22.Rd2 Ndxf2 23.Re1
Nd3 {#R} 0-1

[Event "Ch Brazil (1/2 final)"]
[Site "masterchessopen.com - Brazil"]
[Round "0"]
[White "Maracaba Francisco Wladimir G (BRA)"]
[Black "Pinto Carlos Henrique Lopes (BRA)"]
[Result "1-0"]
[WhiteElo "2124"]
[BlackElo "2267"]

1.c4 f5 2.d4 Nf6 3.Nc3 g6 4.Nf3 Bg7 5.g3 O-O 6.Bg2 d6 7.O-O c6 8.d5 e5 9.e4 c5
10.Rb1 a5 11.a3 Na6 12.Bg5 h6 13.Bxf6 Bxf6 14.Qd2 Kh7 15.h4 Bd7 16.Bh3 f4
17.Bxd7 Qxd7 18.Kg2 Qg4 19.Qd1 Qd7 20.Rh1 Kg7 21.Ne2 g5 22.hxg5 hxg5 23.Qd2
Rh8 24.Qxa5 g4 25.Nxe5 Bxe5 26.Nxf4 Qf7 27.Qd2 Rag8 28.Ne6+ {#r} 1-0

[Event "Ch Asia (w)"]
[Site "masterchessopen.com - Chennai (India)"]
[Round "9"]
[White "Meenakshi S (IND)"]
[Black "Dhar-Barua Saheli (IND)"]
[Result "1-0"]
[WhiteElo "2271"]
[BlackElo "2196"]

1.d4 f5 2.c4 Nf6 3.Nf3 g6 4.g3 Bg7 5.Bg2 O-O 6.O-O d6 7.Nc3 c6 8.Qb3 Na6 9.Rd1
Kh8 10.Rb1 Qe8 11.Qa3 Ne4 12.b4 Nxc3 13.Qxc3 Be6 14.Bb2 Bg8 15.Ng5 Bf6 16.h4
h6 17.Nh3 Nc7 18.e4 e6 19.Qe3 Kh7 20.e5 dxe5 21.dxe5 Bg7 22.Nf4 Rf7 23.g4 Rd7
24.Rd6 Rxd6 25.exd6 Bxb2 26.Rxb2 e5 27.Nd3 Ne6 28.Nxe5 f4 29.Qe4 Kg7 30.d7 Qe7
31.Qxg6+ {#r} 1-0

[Event "Oberliga Northwest 2000/01"]
[Site "masterchessopen.com - Germany"]
[Round "8"]
[White "Israel Jens (GER)"]
[Black "Panskus Martin (GER)"]
[Result "1-0"]
[WhiteElo "2213"]
[BlackElo "2136"]

1.d4 g6 2.c4 Bg7 3.Nf3 f5 4.g3 Nf6 5.Bg2 d6 6.O-O O-O 7.Nc3 c6 8.d5 Bd7 9.Nd4
Qb6 10.Nb3 Na6 11.Be3 Qb4 12.a3 Qxc4 13.Na5 Qg4 14.dxc6 bxc6 15.Nxc6 Bxc6
16.Bxc6 Rab8 17.b4 Rfc8 18.Qa4 Qc4 19.b5 Qxc3 20.Qxa6 Ng4 21.Bd5+ Kf8 22.Rac1
Nxe3 23.Rxc3 Bxc3 24.fxe3 Rc5 25.Bc6 Bd2 26.Rf3 {#r} 1-0

[Event "Ch Central American (juniors)"]
[Site "masterchessopen.com - Guatemala City (Guatemala)"]
[Round "1"]
[White "Guevara Carlos (NCA)"]
[Black "Gonzalez Bernal (CRC)"]
[Result "0-1"]
[WhiteElo "2126"]
[BlackElo "2423"]

1.d4 f5 2.c4 Nf6 3.Nf3 g6 4.g3 Bg7 5.Bg2 d6 6.O-O O-O 7.Nc3 c6 8.b3 Qa5 9.Bb2
e5 10.Qd2 Qc7 11.d5 c5 12.Ng5 Re8 13.Nb5 Qe7 14.Rad1 a6 15.Nc3 Bh6 16.h4 e4
17.f4 Nbd7 18.a4 Nh5 19.Qe1 Ndf6 20.Rb1 Bg7 21.Nd1 b5 22.Bxf6 Bxf6 23.Kh2 h6
24.Nh3 Bd7 25.axb5 axb5 26.cxb5 Bxb5 27.Ne3 Bd4 28.Nc4 Nf6 29.Qd2 Nxd5 {#R}
0-1

[Event "Ch Germany (juniors) (under 20) (team)"]
[Site "masterchessopen.com - Hamburg (Germany)"]
[Round "1"]
[White "Thiele Matthias (GER)"]
[Black "Eckhardt Wladislaw (GER)"]
[Result "1-0"]
[WhiteElo "2113"]
[BlackElo "2199"]

1.Nf3 f5 2.d4 Nf6 3.g3 g6 4.Bg2 Bg7 5.O-O O-O 6.c4 d6 7.Nc3 c6 8.Qc2 Qc7 9.Bg5
h6 10.Bxf6 Bxf6 11.e4 e5 12.dxe5 dxe5 13.exf5 gxf5 14.Rad1 Na6 15.a3 Qg7
16.Nd2 Nc5 17.b4 e4 18.Ne2 Ne6 19.c5 h5 20.Nc4 h4 21.Nd6 Nd4 22.Nxd4 Bxd4 {#r}
1-0

[Event "Tournament (2)"]
[Site "masterchessopen.com - Heves (Hungary)"]
[Round "9"]
[White "Veres Jozsef (HUN)"]
[Black "Simon Nandor (HUN)"]
[Result "1-0"]
[WhiteElo "2129"]
[BlackElo "2128"]

1.d4 f5 2.g3 g6 3.Bg2 Nf6 4.c4 Bg7 5.Nc3 d6 6.Nf3 O-O 7.O-O c6 8.d5 e5 9.dxe6
Bxe6 10.Qd3 d5 11.Ng5 Bf7 12.Nxf7 Rxf7 13.cxd5 cxd5 14.Nxd5 Nc6 15.Nxf6+ Rxf6
16.Qb3+ Kh8 17.Bg5 Nd4 18.Qd3 Qb6 19.Bxf6 Bxf6 20.e3 Nc6 21.Bxc6 Qxc6 22.Rac1
Qa4 23.Qc4 {#r} 1-0

[Event "Ch Hungary (team) 2000/01 (2 liga)"]
[Site "masterchessopen.com - Hungary"]
[Round "4"]
[White "Hardicsay Peter (HUN)"]
[Black "Grunberg Mihai-Lucian (ROM)"]
[Result "0-1"]
[WhiteElo "2312"]
[BlackElo "2472"]

1.d4 f5 2.g3 Nf6 3.Bg2 g6 4.c4 Bg7 5.Nc3 O-O 6.Nf3 d6 7.O-O c6 8.d5 Bd7 9.Rb1
a5 10.a3 Na6 11.b3 Nc5 12.Bb2 Qb6 13.Nd4 Nce4 14.Na4 Qa6 15.dxc6 bxc6 16.f3
Nc5 17.Nxc5 dxc5 18.Nc2 Rfd8 19.a4 Qb7 20.Ne1 f4 21.Nd3 Bf5 22.Qd2 Qd7 23.Rfd1
Bxd3 24.exd3 Nh5 25.g4 Bxb2 26.Qxb2 Nf6 27.Kh1 Qd4 28.Qc2 g5 {#R} 0-1

[Event "Dos Hermanas Qualifier"]
[Site "masterchessopen.com - Internet"]
[Round "1"]
[White "Shipov Sergei (RUS)"]
[Black "Rey Guillermo (USA)"]
[Result "1-0"]
[WhiteElo "2625"]
[BlackElo "2370"]

1.d4 f5 2.g3 Nf6 3.Bg2 g6 4.c4 Bg7 5.Nf3 O-O 6.O-O d6 7.Nc3 c6 8.d5 e5 9.dxe6
Bxe6 10.Qd3 Nbd7 11.Bf4 Nb6 12.Bxd6 Bxc4 13.Qd1 Re8 14.Be5 Ne4 15.Bxg7 Kxg7
16.Nxe4 Rxe4 17.Qc1 Rxe2 18.Rd1 Qf6 19.Bf1 Rae8 20.Bxe2 Bxe2 21.Re1 Re4 22.Ng5
Re7 23.Qc2 Bc4 24.Rxe7+ Qxe7 25.Qc3+ Kg8 26.Nf3 Bd5 27.Re1 Qf8 28.Ne5 Qg7
29.a3 Nc8 30.Qe3 b6 31.Nxc6 {#r} 1-0

[Event "Memorial E.Geller (open)"]
[Site "masterchessopen.com - Moscow (Russia)"]
[Round "1"]
[White "Kunin Vitaly (GER)"]
[Black "Bocharnikov Oleg (RUS)"]
[Result "1-0"]
[WhiteElo "2424"]
[BlackElo "2040"]

1.c4 f5 2.Nc3 Nf6 3.g3 g6 4.Bg2 Bg7 5.Nf3 d6 6.d4 O-O 7.O-O c6 8.Qc2 Qc7 9.Bf4
Nh5 10.d5 e5 11.dxe6 Bxe6 12.Qd3 Nxf4 13.gxf4 Na6 14.Ng5 Nc5 15.Qh3 Bf6 16.b4
Bxg5 17.fxg5 Nd7 18.Rac1 Ne5 19.Nd5 Qf7 20.Nf6+ Kh8 21.Qc3 Qg7 22.c5 Nf7 23.f4
dxc5 24.bxc5 Nh6 25.Qe5 Bxa2 26.Rc2 Bb3 27.Rb2 Bf7 28.gxh6 {#r} 1-0